Все станции минского метро - Statistics

General Stats
  • This quiz has been taken 52 times
  • The average score is 25 of 36
Answer Stats
Станция % Correct
1 Каменная горка
95%
15 Малиновка
90%
11 Тракторный завод
86%
29 Уручье
86%
6 Фрунзенская
81%
18 Грушевка
81%
26 Московская
81%
30 Слуцкий гостинец
81%
34 Вокзальная
81%
3 Спортивная
76%
7 Немига
76%
9 Первомайская
76%
16 Петровщина
76%
20 Площадь Ленина
76%
27 Восток
76%
32 Аэродромная
76%
8 Октябрьская
71%
14 Могилёвская
71%
17 Михалово
71%
21 Купаловская
71%
2 Кунцевщина
67%
4 Пушкинская
67%
13 Автозаводская
67%
19 Институт культуры
67%
28 Борисовский тракт
67%
5 Молодёжная
62%
23 Площадь Якуба Коласа
62%
31 Неморшанский сад
62%
35 Площадь Франтишка Богушевича
62%
24 Академия наук
57%
10 Пролетарская
52%
12 Партизанская
52%
22 Площадь Победы
52%
25 Парк Челюскинцев
52%
33 Ковальская Слобода
48%
36 Юбилейная площадь
43%
No matching quizzes found
Score Distribution
Percent of People with Each Score
Percentile by Number Answered
Your Score History
You have not taken this quiz